El tiempo de la ira / (Record no. 9383)
[ view plain ]
| 000 -CABECERA | |
|---|---|
| campo de control de longitud fija | 00580cam a2200181 a 4500 |
| 001 - NÚMERO DE CONTROL | |
| campo de control | 000009623 |
| 005 - FECHA Y HORA DE LA ÚLTIMA TRANSACCIÓN | |
| campo de control | 20200929161639.0 |
| 008 - DATOS DE LONGITUD FIJA--INFORMACIÓN GENERAL | |
| campo de control de longitud fija | 820723s1967 mx 001 f spa |
| 040 ## - FUENTE DE LA CATALOGACIÓN | |
| Centro catalogador/agencia de origen | DO-SdBNP |
| Centro/agencia modificador | BNPHU |
| 082 ## - NÚMERO DE LA CLASIFICACIÓN DECIMAL DEWEY | |
| Número de clasificación | M863.44 |
| Número de documento/Ítem | S765t |
| 100 1# - ENTRADA PRINCIPAL--NOMBRE DE PERSONA | |
| Nombre de persona | Spota, Luis |
| Forma completa/desarrollada del nombre | (Luis Mario Cayetano Spota Saavedra Ruotti Castañares), |
| Fechas asociadas al nombre | 1925-1985. |
| 9 (RLIN) | 24475 |
| 245 13 - MENCIÓN DE TÍTULO | |
| Título | El tiempo de la ira / |
| Mención de responsabilidad, etc. | Luis Spota. |
| 260 ## - PUBLICACIÓN, DISTRIBUCIÓN, ETC. | |
| Lugar de publicación, distribución, etc. | México : |
| Nombre del editor, distribuidor, etc. | Diana, |
| Fecha de publicación, distribución, etc. | 1967. |
| 300 ## - DESCRIPCIÓN FÍSICA | |
| Extensión | 493 p. ; |
| Dimensiones | 22 cm. |
| 650 #4 - PUNTO DE ACCESO ADICIONAL DE MATERIA--TÉRMINO DE MATERIA | |
| Término de materia o nombre geográfico como elemento de entrada | Novela mexicana |
| 9 (RLIN) | 3959 |
| 650 #4 - PUNTO DE ACCESO ADICIONAL DE MATERIA--TÉRMINO DE MATERIA | |
| Término de materia o nombre geográfico como elemento de entrada | Literatura mexicana |
| Subdivisión cronológica | SIGLO XX |
| 9 (RLIN) | 9216 |
| 910 ## - DATOS DE OPCIÓN DEL USUARIO (OCLC) | |
| Datos de opción del usuario | Catalogación derivada. |
| Estado de retiro | Estado de pérdida | Restricciones de uso | No para préstamo | Código de colección | Localización permanente | Ubicación/localización actual | Ubicación en estantería | Fecha de adquisición | Número de inventario | Total de préstamos | Signatura topográfica completa | Código de barras | Fecha visto por última vez | Precio válido a partir de | Tipo de ítem Koha |
|---|---|---|---|---|---|---|---|---|---|---|---|---|---|---|---|
| Préstamo interno | Monografías: Libros y Folletos | General | General | En catalogación | 30.09.2009 | LF1 | M863.44 S765t | 9623-10 | 25.06.2020 | 25.06.2020 | Préstamo interno |
